Подробности
| 000 -МАРКЕР |
| контрольное поле |
01853nam2a2200313 4500 |
| 001 - ИДЕНТИФИКАТОР ЗАПИСИ |
| контрольное поле |
RU\NLR\BIBL_A\012328851 |
| 005 - ИДЕНТИФИКАТОР ВЕРСИИ |
| контрольное поле |
20201203160728.0 |
| 010 ## - МЕЖДУНАРОДНЫЙ СТАНДАРТНЫЙ НОМЕР КНИГИ (ISBN) |
| Номер (ISBN) |
978-5-98429-280-1 |
| 021 ## - НОМЕР ГОСУДАРСТВЕННОЙ РЕГИСТРАЦИИ |
| Код страны |
Российская Федерация |
| Номер |
КН-П-20-026060 |
| Номер Листа государственной регистраци |
КН-П-20-2015 |
| 035 ## - ДРУГИЕ СИСТЕМНЫЕ НОМЕРА |
| Идентификатор записи |
(NLR Aleph) 012328851 |
| 035 ## - ДРУГИЕ СИСТЕМНЫЕ НОМЕРА |
| Идентификатор записи |
(RuMoRGB)010283631 |
| 100 ## - ДАННЫЕ ОБЩЕЙ ОБРАБОТКИ |
| Данные общей обработки |
20200909d2020 k y0rusy50 ca |
| 101 0# - ЯЗЫК РЕСУРСА |
| Язык текста, звукозаписи и т.д. |
русский |
| 102 ## - СТРАНА ПУБЛИКАЦИИ ИЛИ ПРОИЗВОДСТВА |
| Страна публикации |
Российская Федерация |
| 105 ## - ПОЛЕ КОДИРОВАННЫХ ДАННЫХ: ТЕКСТОВЫЕ МАТЕРИАЛЫ, МОНОГРАФИЧЕСКИЕ |
| Кодированные данные о монографическом текстовом документе |
y z 000zy |
| 200 1# - ЗАГЛАВИЕ И СВЕДЕНИЯ ОБ ОТВЕТСТВЕННОСТИ |
| Основное заглавие |
Североирландский конфликт |
| -- |
Религиозные общины и межрелигиозные отношения в современной Западной Европе |
| -- |
Научная публицистика |
| Первые сведения об ответственности |
[научный редактор: Яблоков И. Н. - доктор философских наук, заслуженный деятель науки РФ, проф.] |
| 215 ## - ФИЗИЧЕСКАЯ ХАРАКТЕРИСТИКА |
| Специфическое обозначение материала и объем |
456 c. |
| 320 ## - ПРИМЕЧАНИЯ О НАЛИЧИИ В ДОКУМЕНТЕ БИБЛИОГРАФИИ / УКАЗАТЕЛЯ |
| Текст примечания |
Библиогр. в конце гл. и в подстроч. примеч. |
| 461 #0 - УРОВЕНЬ НАБОРА |
| Встроенное поле |
001RU\NLR\BIBL_A\012328175 |
| -- |
2001#$aСобрание сочинений$eв 3 томах$fА. В. Шуралёв$vТ. 2 |
| -- |
700#1$aШуралёв$bА. В.$gАлексей Васильевич |
| Системный номер (АБИС) связанной записи |
11458221 |
| Автор |
Шуралёв, А. В. |
| Место публикации |
Тамбов |
| Дата публикации |
2020 |
| Первые сведения об ответственности |
А. В. Шуралёв |
| Имя издателя, распространителя и т.д. |
Издательский дом "Мичуринск" |
| Сведения, относящиеся к заглавию |
в 3 томах |
| Заглавие |
Собрание сочинений |
| Номер тома |
Т. 2 |
| 606 1# - НАИМЕНОВАНИЕ ТЕМЫ КАК ПРЕДМЕТ |
| Наименование темы |
Религия |
| Географический подзаголовок |
Европейские страны |
| Хронологический подзаголовок |
20 - 21 вв. |
| Системный номер авторитетной/нормативной записи |
2515938 |
| Идентификатор авторитетной/нормативной записи |
RU\NLR\AUTH\661491180 |
| 607 ## - ГЕОГРАФИЧЕСКОЕ НАИМЕНОВАНИЕ КАК ПРЕДМЕТ |
| Географическое наименование |
Северная Ирландия |
| Тематический подзаголовок |
Политика и управление |
| Хронологический подзаголовок |
1945 - |
| Системный номер авторитетной/нормативной записи |
2362023 |
| Идентификатор авторитетной/нормативной записи |
RU\NLR\AUTH\661410421 |
| 686 1# - ИНДЕКСЫ ДРУГИХ КЛАССИФИКАЦИЙ |
| Индекс |
Т3(4Вл1)63-5 |
| 686 1# - ИНДЕКСЫ ДРУГИХ КЛАССИФИКАЦИЙ |
| Индекс |
Э239(4)63 |
| 702 #1 - ИМЯ ЛИЦА - ВТОРИЧНАЯ ОТВЕТСТВЕННОСТЬ |
| Начальный элемент ввода |
Яблоков |
| Часть имени, кроме начального элемента ввода |
И. Н. |
| Расширение инициалов личного имени |
Игорь Николаевич |
| Код отношения |
Редактор |
| 942 ## - ДОПОЛНИТЕЛЬНЫЕ ЭЛЕМЕНТЫ ЗАПИСИ (АБИС) |
| Тип экземпляра АБИС |
Книга |
| 980 ## - КОЛЛЕКЦИЯ |
| Название коллекции |
Национальная библиография |